000 00473cab a2200193 4500
001 X1955
008 090401t1995 xxu||||| |||| 00| 0 eng d
035 _a(Sirsi) u20588
041 _aeng
245 _aReform of APC recommended
260 _c1995
350 _a0
490 _aCSM (Chartered Surveyor Monthly)
_v4(4) February 1995, 8(1)
650 _aAPC
_96216
650 _aDISCUSSION PAPER
690 _aECONOMIC AND SOCIAL
942 _n0
948 _c04/03/1997
999 _c13792
_d13792